|
|
|
|
| LEADER |
00000nam0a2200000 4500 |
| 001 |
242054 |
| 005 |
20231101231850.0 |
| 010 |
|
|
|a 9785941783502
|
| 035 |
|
|
|a (RuTPU)RU\TPU\book\263350
|
| 090 |
|
|
|a 242054
|
| 100 |
|
|
|a 20130822d2013 m y0rusy50 ca
|
| 101 |
0 |
|
|a rus
|
| 102 |
|
|
|a RU
|
| 105 |
|
|
|a a j 001zy
|
| 200 |
1 |
|
|a Моделирование систем
|e учебное пособие для вузов
|f И. А. Елизаров [и др.]
|
| 210 |
|
|
|a Старый Оскол
|c ТНТ
|d 2013
|
| 215 |
|
|
|a 136 с.
|c ил.
|
| 320 |
|
|
|a Библиогр.: с. 135.
|
| 330 |
|
|
|a Учебное пособие содержит серию лабораторных работ для практического освоения методов математического моделирования и приобретения навыков проведения вычислительных (компьютерных) расчетов при создании систем и средств моделирования и соответствующих математических расчетов, работы по построению математических моделей на основе данных активного эксперимента, исследованию линейных стационарных систем управления, построению аналитических и экспериментально-аналитических моделей ряда типовых технологических процессов. Сопровождается необходимыми теоретическими положениями для выполнения лабораторных работ с использованием системы автоматизированных расчетов MATLAB+SIMULINK. Учебное пособие предназначено для студентов, обучающихся по направлению подготовки "Автоматизация технологических процессов и производств".
|
| 606 |
1 |
|
|a Моделирование систем
|2 stltpush
|3 (RuTPU)RU\TPU\subj\66511
|9 82611
|
| 610 |
1 |
|
|a учебные пособия
|
| 610 |
1 |
|
|a линейные стационарные системы
|
| 610 |
1 |
|
|a системы управления
|
| 610 |
1 |
|
|a математическое описание
|
| 610 |
1 |
|
|a математические модели
|
| 610 |
1 |
|
|a построение
|
| 610 |
1 |
|
|a теплообменная аппаратура
|
| 610 |
1 |
|
|a химические реакции
|
| 610 |
1 |
|
|a гидравлические системы
|
| 610 |
1 |
|
|a пар
|
| 610 |
1 |
|
|a получение
|
| 610 |
1 |
|
|a MATLAB
|
| 610 |
1 |
|
|a SIMULINK
|
| 675 |
|
|
|a 519.876(075.8)
|v 3
|
| 701 |
|
1 |
|a Елизаров
|b И. А.
|g Игорь Александрович
|
| 701 |
|
1 |
|a Мартемьянов
|b Ю. Ф.
|g Юрий Федорович
|
| 701 |
|
1 |
|a Схиртладзе
|b А. Г.
|g Александр Георгиевич
|
| 701 |
|
1 |
|a Третьяков
|b А. А.
|g Александр Александрович
|
| 801 |
|
1 |
|a RU
|b 63413507
|c 20130822
|
| 801 |
|
2 |
|a RU
|b 63413507
|c 20150507
|g RCR
|
| 900 |
|
|
|a Моделирование систем
|
| 942 |
|
|
|c BK
|
| 951 |
|
|
|b 220700
|
| 959 |
|
|
|a 114/20130822
|d 5
|e 250,00
|f ЧЗТЛ:1
|f АНЛ:1
|f УФ:3
|